000 01073nam a22002777a 4500
005 20170123162346.0
010 _a994371
020 _c8.25
035 _a994371
037 _bCen Lib/Ret
040 _aDPL
_bUR
082 _a370.954
_bج ع ف
100 _aجعفر، ایس.ایم.
_9517
245 _aتعلیم :
_cایس.ایم. جعفر ؛ مرتجم سید انصاری
_bہندوستان کے مسلم عہد حکومت میں /
246 _aTaleem : Hindustan ke muslim ahad-e-hukumat mein /
_bby S.M.Jafar ; translated by Sayed Ansari
260 _aنیی دہلی
_bترقی اردو بیورو
_c1980
270 _bنیی دہلی
_aویسٹ بلاک،٨، ار.کے.پرم
_e110066
300 _a176p.
_c20cm(Hb)
500 _aکتابیات
650 _a تعلیم - تاریخچہ
_9116979
650 _a مسلمانوں کی تعلیم
_9131540
650 _aEducation -- History
_9131541
650 _aMuslim education
_9131542
700 _aانصاری، سید
_9131543
942 _2ddc
_cUR
_h370.954
_mج ع ف
999 _c108876
_d108876